Normal view
MARC view
- تاليف محاسنة، محمد حسين... وآخرون، م.مشارك ارشيدات، عصام عبد العزيز، م.مشارك الجمال، حمدان رشيد، م.مشارك الرقاوي، علي حسن
Entry Personal Name
001 - CONTROL NUMBER
- control field: 7133
003 - CONTROL NUMBER IDENTIFIER
- control field: JO-AjAnu
005 - DATE AND TIME OF LATEST TRANSACTION
- control field: 20230606071444.0
008 - FIXED-LENGTH DATA ELEMENTS
- fixed length control field: 230606|| aca||aabn | a|a d
040 ## - CATALOGING SOURCE
- Original cataloging agency: JO-AjAnu
- Transcribing agency: JO-AjAnu
100 ## - HEADING--PERSONAL NAME
- Personal name: تاليف محاسنة، محمد حسين... وآخرون، م.مشارك ارشيدات، عصام عبد العزيز، م.مشارك الجمال، حمدان رشيد، م.مشارك الرقاوي، علي حسن
670 ## - SOURCE DATA FOUND
- Source citation: Work cat.: (JO-AjAnu)3692: تاليف محاسنة، محمد حسين... وآخرون، م.مشارك ارشيدات، عصام عبد العزيز، م.مشارك الجمال، حمدان رشيد، م.مشارك الرقاوي، علي حسن, author, دراسات في التاريخ الاسلامي